| 000 | 00595nam a2200121Ia 4500 | ||
|---|---|---|---|
| 008 | 220620s9999||||xx |||||||||||||| ||und|| | ||
| 100 | _aFlachs, Andrew | ||
| 245 | 0 |
_aCultivating Knowledge _bBiotechnology, Sustainability, and the Human Cost of Cotton Capitalism in India |
|
| 546 | _aEnglish[eng] | ||
| 650 | _aSocial Science||Sociology||Rural||Social Science||Social Science||Anthropology||Cultural & Social | ||
| 856 | _uhttps://library.oapen.org/bitstream/20.500.12657/47826/1/external_content.epub||https://library.oapen.org/bitstream/20.500.12657/47826/1/external_content.epub | ||
| 942 | _cEB | ||
| 999 |
_c26024 _d26024 |
||